000 005010000a22001810004500
003 MACL
005 20160301140143.0
008 160301b xxu||||| |||| 00| 0 eng d
040 _aMACL
_cMACL
041 _aHindi
082 _a891.431
100 _aमुंशी अजमेरी
_941624
245 _aहेमला सत्‍ता
_b……_
260 _bसाहित्‍य सदन
_aचिरगॉव
350 _a1
650 _aPoetry
_941625
942 _cHIN
_k891.431
_2ddc
999 _c23917
_d23917